00363nam a2200109Ia 4500008004100000100001700041245003100058260006900089300001100158650001600169856006800185160712s9999 xx 000 0 und d aDizon, Gino. cGino DizonaThe Descending c2014bLikhaan: The Journal of Contemporary Philippine Literature avol. 8 xSHORT STORY uhttp://journals.upd.edu.ph/index.php/lik/issue/view/538/showToc